Autonomia administrativa dos Aȯres antes de 1976 Apontamentos jurd̕icos /

Bibliographic Details
Main Author: Ourique, Arnaldo
Format: Unknown
Language:Portuguese
Published: Barcelona : Vlex, 2008
Subjects:
Online Access:Acceso restringido

MARC

LEADER 00000ny a22000003n 4500
005 20110627142339.0
008 080821s2008 sp s 000 0 por d
035 |a 2536 
040 |a UMA.RE  |d vLex 
080 |a 342.25(469)(0.034) 
080 |a 342.9(469)(0.034) 
090 |c 1133  |d 1133 
100 1 |a Ourique, Arnaldo 
245 1 0 |a Autonomia administrativa dos Aȯres antes de 1976  |h [Recurso electrn̤ico]  |b Apontamentos jurd̕icos /  |c Arnaldo Ourique 
256 |a Servicio en ln̕ea 
260 |a Barcelona :  |b Vlex,  |c 2008 
506 1 |a Contenido solo disponible en los productos indicados  |d vLex Global  |d vLex Global (Academic Edition, excluding Law Schools)  |d vLex Global (U.S. Academic Edition, Law Schools)  |d vLex Global (U.S. Academic Edition, excluding Law Schools)  |d vLex Global (Academic Edition, Law Schools) 
650 0 4 |a Administracin̤ autonm̤ica  |z Portugal 
651 4 |a Portugal  |x Polt̕ica y gobierno 
740 0 |a vLex Libros (Servicios en ln̕ea) 
856 4 0 |z Acceso restringido  |u http://vlex.com/source/2536 
942 |c BOOK